000 00996cam a22003137a 4500
003 CHAP
005 20220817042235.0
008 971013s1984 ne a r 00010 eng d
010 _a38404
011 _a39376
035 _a43496
040 _cCHAP
082 0 4 _a633.61
_bP4
100 0 0 _aPeng, S. Y.
_986672
245 1 4 _aThe biology and control of weeds in sugarcane
260 _aAmsterdan :
_bElsevier,
_c1984
300 _a336 p.
_b: ilus.
490 0 _aDevelopments in crop science
_v; 4
590 _aBATCH-UPD
_b10
_c20130110
_lUCH01
_h0910
590 _aBATCH-UPD
_b10
_c20130410
_lUCH01
_h0535
590 _aBATCH-UPD
_b10
_c20130914
_lUCH01
_h0835
590 _aCONVERSION
_b10
_c20130109
_lUCH01
_h1321
650 1 4 _aCaña de azúcar
_xMalas hierbas
_xControl.
_918625
650 1 4 _aHerbicidas.
_953691
830 0 _aDevelopments in crop science
_v; 4
901 _aBK
942 _cLIBRO
949 _a633.61 P4
_bBC
_cLIBRO
_d33724000196044
_eLIBRO
_gI.136173
_h70640
_i43496
_mDir.
_si
_t69.71
999 _c38404
_d38404